| 000 | 01094nam0a22002651 4500 | ||
|---|---|---|---|
| 001 | rc\272994 | ||
| 005 | 20250621005748.0 | ||
| 035 | _a(NLR Aleph) 005487715 | ||
| 090 |
_a5174287 _c5174287 |
||
| 100 | _a20030307d1990 |||y0rusy50 ca | ||
| 101 | 0 | _arus | |
| 102 | _aRU | ||
| 105 | _ay ||||||||| | ||
| 200 | 1 |
_aЛЕНИН и социализм _e[Материалы к Науч.-теорет. конф., Барнаул, апр. 1990 г. _fРедкол.: П.Н. Гуйван (ред.) и др.] |
|
| 210 |
_aБарнаул _cАлт. политехн. ин-т _d1990 |
||
| 215 |
_a[2], 185 с. _d20 |
||
| 300 | _aВ надзаг.: Барнаул. горком. КПСС, Алт. отд-ние Филос. о-ва СССР, Алт. краев. орг. о-ва "Знание" РСФСР | ||
| 320 | _aБиблиогр. в конце докл. | ||
| 702 | 1 |
_aГуйван _bП.Н. _gПетр Назарович _4340 |
|
| 712 | 0 | 2 |
_aКПСС _bБарнаульский гор. ком. |
| 801 | 0 |
_aRU _bNLR _gpsbo |
|
| 801 | 1 |
_aRU _bELAR _2rusmarc |
|
| 852 |
_aNLR _j90-3/3663 |
||
| 942 | _cBOOK | ||
| 980 | _aNB | ||